UM Logo

Week by week: (Record no. 9500)

MARC details
000 -LEADER
fixed length control field 00789nam a22002177a 4500
008 - FIXED-LENGTH DATA ELEMENTS--GENERAL INFORMATION
fixed length control field 180705b ||||| |||| 00| 0 eng d
020 ## - INTERNATIONAL STANDARD BOOK NUMBER
International Standard Book Number 978-1-305-50100-3
082 ## - DEWEY DECIMAL CLASSIFICATION NUMBER
Edition number 2017
Classification number DC 370.1523
Item number N712
100 ## - MAIN ENTRY--PERSONAL NAME
9 (RLIN) 28234
Personal name Nilsen, Barbara Ann.
245 ## - TITLE STATEMENT
Title Week by week:
Remainder of title plans for documenting children's development/
Statement of responsibility, etc. Barbara Ann Nilsen
250 ## - EDITION STATEMENT
Edition statement Seventh Edition
260 ## - PUBLICATION, DISTRIBUTION, ETC. (IMPRINT)
Place of publication, distribution, etc. Australia:
Name of publisher, distributor, etc. CENGAGE Learning,
Date of publication, distribution, etc. ©2017.
300 ## - PHYSICAL DESCRIPTION
Extent vi, 503 pages:
Other physical details color Illustrations;
Dimensions 27 cm.
500 ## - GENERAL NOTE
General note Includes bibliographical references and index.
650 #0 - SUBJECT ADDED ENTRY--TOPICAL TERM
9 (RLIN) 28235
Topical term or geographic name as entry element Behavioral assessment of children
650 #0 - SUBJECT ADDED ENTRY--TOPICAL TERM
9 (RLIN) 28239
Topical term or geographic name as entry element Observation (Educational method)
650 #0 - SUBJECT ADDED ENTRY--TOPICAL TERM
9 (RLIN) 28240
Topical term or geographic name as entry element Child development
650 #0 - SUBJECT ADDED ENTRY--TOPICAL TERM
9 (RLIN) 28238
Topical term or geographic name as entry element Observation (Psychology)
365 ## - TRADE PRICE
Price amount 7,918.20
Currency code Php.
942 ## - ADDED ENTRY ELEMENTS (KOHA)
Source of classification or shelving scheme Dewey Decimal Classification
Koha item type Circulation
Holdings
Withdrawn status Lost status Source of classification or shelving scheme Damaged status Not for loan Collection code Home library Current library Date acquired Source of acquisition Cost, normal purchase price Total Checkouts Full call number Barcode Date last seen Copy number Price effective from Koha item type
    Dewey Decimal Classification     Circulation UM Digos College - LIC UM Digos College - LIC 06/08/2018 Purchased 7918.20   DC 370.1523 N712 2017 25003 05/15/2025 1 07/05/2018 Circulation